[Event "Igualada op 12th"]
[Site "Igualada"]
[Date "2017.01.14"]
[Round "1"]
[White "Huguet Queralto, David"]
[Black "Santiago Abril, Narcis J"]
[Result "0-1"]
[WhiteElo "1700"]
[BlackElo "1894"]
[PlyCount "40"]
[EventDate "2017.01.14"]
[EventType "swiss"]
[EventRounds "8"]
[EventCountry "ESP"]
[SourceTitle "EXT 2018"]
[Source "ChessBase"]
[SourceDate "2017.10.13"]
[SourceVersion "1"]
[SourceVersionDate "2017.10.13"]
[SourceQuality "1"]

1. e4 e5 2. Nf3 Nc6 3. Bc4 Bc5 4. 0-0 d6 5. c3 Nf6 6. d4 exd4 7. cxd4 Bb6 8. Re1 0-0 9. Nc3 Bg4 10. h3 Bxf3 11. Qxf3 Nxd4 12. Qg3 Nc2 13. Bh6 Ne8 14. Re3 Bxe3 15. Bxe3 Nxa1 16. Bg5 Qd7 17. Nd5 Kh8 18. e5 dxe5 19. Bd3 Qxd5 20. Bf5 Nd6 0-1